Lucius Junius Moderatus. Columella (Registro nro. 317007)

Detalles MARC
000 -ENCABEZADO
Número de control [NR] 02539nam a2200361 4500
005 - FECHA Y HORA DE LA ÚLTIMA TRANSACCIÓN
control field 20200116120147.0
008 - DE LONGITUD FIJA DE DATOS DE ELEMENTOS - INFORMACIÓN GENERAL
Elementos de longitud fija [NR] 160523k19411968enk |||fr|||| 001 0 mul d
020 ## - NUMERO INTERNACIONAL NORMALIZADO PARA LIBROS [R]
Número Internacional Normalizado del libro [NR] 978-0-674-99398-3
020 ## - NUMERO INTERNACIONAL NORMALIZADO PARA LIBROS [R]
Número Internacional Normalizado del libro [NR] 978-0-674-99448-5
020 ## - NUMERO INTERNACIONAL NORMALIZADO PARA LIBROS [R]
Número Internacional Normalizado del libro [NR] 978-0-674-99449-2
040 ## - FUENTE DE CATALOGACION [NR]
Agencia de catalogación original [NR] CO-BoUCM
Idioma de catalogación [NR] spa
Quien Cataloga Sandra Yazo
Quien Clasifica Sandra Yazo
041 1# - CODIGO DE IDIOMA [R]
Código de idioma para texto/pista de sonido o título separado [R] Latín
-- Inglés
082 04 - NUMERO DE CLASIFICACION DECIMAL DEWEY [R]
Número de la edición [NR] 20
Número de clasificación [R] 630
092 ## - SIGNATURA TOPOGRAFICA LOCAL
Número de clasificación local E61N075
100 1# - ASIENTO PRINCIPAL--NOMBRE PERSONAL [NR]
Nombre personal [NR] Columela, Lucio Junio Moderato
ID Autoridad 99632
242 00 - TRADUCCION DEL TITULO POR LA AGENCIA CATALOGADORA [R]
Título [NR] Lucio Junio Moderato, Columela.
Parte restante del título [NR] Sobre la Agricultura
Mención de responsabilidad, etc. [NR] Traducción inglesa de Harrison Boyd Ash, E. S. Forster y Edward H.
Código de idioma del título traducido [NR] spa
245 10 - MENCION DE TITULO [NR]
Título [NR] Lucius Junius Moderatus. Columella
Parte restante del título [NR] On Agriculture
Mención de responsabilidad, etc. [NR] With an english translation by Harrison Boyd Ash, E. S. Forster and Edward H. Heffner
260 ## - PUBLICACION, DISTRIBUCION, ETC. (PIE DE IMPRENTA) [R]
Lugar de publicación, distribución, etc. [R] London (Inglaterra)
Nombre del editor, distribuidor, etc. [R] Harvard University Press [Imprenta de la Universidad de Harvard]
Fecha de publicación, distribución, etc. [R] 1935
300 ## - DESCRIPCION FISICA [R]
Extensión [R] 3 volúmenes (xxxiii, 461 ; xi, 503 ; vii, 435 páginas)
Dimensiones [R] 16 x 11 cm.
490 0# - MENCION DE SERIE [R]
Mención de serie [R] Loeb classical Library
Designación numérica/secuencial del volumen [NR] 361 ; 407 ; 408
500 ## - NOTA GENERAL [R]
Nota general [NR] Detalles físicos: Encuadernación rígida. Cartón duro forrado en tela. Lomo con adornos en dorado. En la tapa delantera anagrama en dorado. Cubierta de papel rojo con solapa, que incluye datos de autor y de la obra. Guardas. Hoja de cortesía. Anteportada. Portada impresa en una sola tinta; información sobre la obra dentro de un recuadro. Pequeño grabado con el emblema de la Colección (Palas Athenea); en el círculo, la inscripción “Loeb Classical Library”. Texto muy bien impreso en una sola columna: el texto latín, con párrafos numerados, ocupa la página derecha; la traducción inglesa correspondiente a la página de la izquierda. Notas de pie de página. Incluye índice. Hojas de cortesía posteriores y guardas. V.2: incluye esquemas y gráficos
505 #0 - NOTA DE CONTENIDO CON FORMATO PREESTABLECIDO [R]
Nota de contenido con formato preestablecido [NR] V.1: Prefacios ; Introducción ; Bibliografía ; Siglas ; Sobre la Agricultura: Libros I- IV (Extensos sumarios) -- V.2: Libros V - IX -- V.3: Siglas ; Sobre la Agricultura: Libros X - XII ; Libro sobre los árboles ; Índices
506 ## - NOTA DE RESTRICCIONES DE ACCESO [R]
Condiciones de acceso [NR] Consulta en sala
546 ## - NOTA DE IDIOMA [R]
Nota de idioma [NR] Texto en latín e inglés
650 #7 - ASIENTO SECUNDARIO DE MATERIA - TERMINO TEMATICO [R]
Término temático o nombre geográfico como elemento de entrada [NR] Autores latinos
9 (RLIN) 9820
650 #7 - ASIENTO SECUNDARIO DE MATERIA - TERMINO TEMATICO [R]
Término temático o nombre geográfico como elemento de entrada [NR] Literatura clásica
9 (RLIN) 18628
651 04 - ASIENTO SECUNDARIO DE MATERIA - NOMBRE GEOGRAFICO [R]
Nombre geográfico [NR] Roma
Subdivisión general [R] Vida en el campo
Subdivisión geográfica [R] Siglo I d. C.
9 (RLIN) 99635
690 ## - ASUNTO AGREGADO LOCAL DE ENTRADA - TÉRMINO TEMÁTICO (OCLC, RLIN)
Acceso temático local Literatura latina
9 (RLIN) 7796
700 1# - ASIENTO SECUNDARIO - NOMBRE PERSONAL [R]
Nombre personal [NR] Ash, Harrison Boyd
Término de relación [R] traductor
Fechas asociadas con el nombre [NR] 1891-1944
9 (RLIN) 99637
700 1# - ASIENTO SECUNDARIO - NOMBRE PERSONAL [R]
Nombre personal [NR] Forster, E. S.
Término de relación [R] traductor
Fechas asociadas con el nombre [NR] 1879-1950
9 (RLIN) 99549
Forma más completa del nombre [NR] (Edward Seymour)
700 1# - ASIENTO SECUNDARIO - NOMBRE PERSONAL [R]
Nombre personal [NR] Heffner, Edward H.
Término de relación [R] traductor
Fechas asociadas con el nombre [NR] 1886-
Forma más completa del nombre [NR] (Edward Hoch)
9 (RLIN) 99640
942 ## - ELEMENTOS DE ENTRADA AGREGADOS (KOHA)
Sistema de clasificación LOCAL
Tipo de ítem principal el descrito en 300a Libro
Edición 1
Clasificación E61N075
Existencias
Suprimido Perdido Sistema de clasificación Dañado No prestable Tipo de ítem específico Ubicación habitual Ubicación actual Localización Fecha de creación Forma de adquisición Volúmen / Fascículo Total préstamos Signatura topográfica Código de barras Última vez visto Ejemplar Price effective from Tipo de ítem
    LOCAL     Libro archivo Archivo Histórico Archivo Histórico Archivo histórico 16/01/2020 Donación V.1   E61N075 L010116 16/01/2020 Ej.1 16/01/2020 Libro
    LOCAL     Libro archivo Archivo Histórico Archivo Histórico Archivo histórico 16/01/2020 Donación V.2   E61N075 L010117 16/01/2020 Ej.1 16/01/2020 Libro
    LOCAL     Libro archivo Archivo Histórico Archivo Histórico Archivo histórico 16/01/2020 Donación V.3   E61N075 L010118 16/01/2020 Ej.1 16/01/2020 Libro